书目信息 |
| 题名: |
环境微生物
|
|
| 作者: | 周凤霞 , 白京生 主编 | |
| 分册: | ||
| 出版信息: | 北京 化学工业出版社 2009 |
|
| 页数: | 212页 | |
| 开本: | 26cm | |
| 丛书名: | ||
| 单 册: | ||
| 中图分类: | X172 | |
| 科图分类: | ||
| 主题词: | 环境生物学--微生物学--高等教育--教材 , 环境生物学 , 微生物学 | |
| 电子资源: | ||
| ISBN: | 978-7-122-02477-0 | |
| 000 | 01065nam0 2200289 45 | |
| 001 | 1354529968 | |
| 005 | 20130510083645.84 | |
| 010 | @a978-7-122-02477-0@dCNY25.00 | |
| 100 | @a20130108e2009 em y0chiy0120 ea | |
| 101 | 0 | @achi |
| 102 | @aCN@b110000 | |
| 105 | @aa z 000yy | |
| 106 | @ar | |
| 200 | 1 | @a环境微生物@AHuan Jing Wei Sheng Wu@f周凤霞,白京生主编@FZhou Feng Xia, Bai Jing Sheng Zhu Bian |
| 205 | @a2版 | |
| 210 | @a北京@c化学工业出版社@d2009 | |
| 215 | @a212页@c图@d26cm | |
| 300 | @a普通高等教育“十一五”国家级规划教材高职高专规划教材 | |
| 330 | @a本书内容包括微生物学的理论基础、微生物在自然界物质循环中的作用、微生物对环境的污染与危害、微生物对于自然界中各种天然的及人工合成的污染物转化与降解的作用和机理、微生物在污水和固体废物处理中的应用等内容。 | |
| 606 | 0 | @a环境生物学@x微生物学@x高等教育@j教材 |
| 606 | 0 | @a环境生物学 |
| 606 | 0 | @a微生物学 |
| 690 | @aX172@v5 | |
| 701 | 0 | @a周凤霞@AZhou Feng Xia@4主编 |
| 701 | 0 | @a白京生@ABai Jing Sheng@4主编 |
| 801 | @aCN@bTANGWEI@c20130109 | |
| 905 | @b0830617-21@dX172@e193=2@f5 | |
| 环境微生物/周凤霞,白京生主编.-2版.-北京:化学工业出版社,2009 |
| 212页:图;26cm |
| 普通高等教育“十一五”国家级规划教材高职高专规划教材 |
| ISBN 978-7-122-02477-0:CNY25.00 |
| 本书内容包括微生物学的理论基础、微生物在自然界物质循环中的作用、微生物对环境的污染与危害、微生物对于自然界中各种天然的及人工合成的污染物转化与降解的作用和机理、微生物在污水和固体废物处理中的应用等内容。 |
| ● |
| 相关链接 |
|
|
|
|
正题名:环境微生物
索取号:X172/193=2
 
预约/预借
| 序号 | 登录号 | 条形码 | 馆藏地/架位号 | 状态 | 备注 |
| 1 | 0830617 | 208306171 | 第二样本阅览室/ [索取号:X172/193=2] | 在馆 | |
| 2 | 0830618 | 208306180 | 第三借阅区/ [索取号:X172/193=2] | 在馆 | |
| 3 | 0830619 | 208306199 | 第三借阅区/ [索取号:X172/193=2] | 在馆 | |
| 4 | 0830620 | 208306206 | 第三借阅区/ [索取号:X172/193=2] | 在馆 | |
| 5 | 0830621 | 208306215 | 第三借阅区/ [索取号:X172/193=2] | 在馆 |